000 00894nam a2200265 i 4500
001 bg
100 1 _aŁYP, Bohdan
_d(1933- )
245 1 0 _aProblematyka wodna w planowaniu przestrzennym miast :
_bporadnik dla urbanistów /
_cBohdan Łyp.
260 _aWarszawa :
_bCentralny Ośrodek Informacji Budownictwa,
_c2005.
300 _a178 s. :
_bil. ;
_c21 cm.
504 _aBibliogr., wykaz aktów prawnych s. 176-178.
650 9 _aKanalizacja
_xplanowanie przestrzenne
650 9 _aUrbanistyka
650 9 _aWodociągi
_xplanowanie przestrzenne
655 _aPoradniki
015 _aPB 3753/2006
020 _a8389144344
040 _cBPK
041 _apol
080 _a711.4/.8:628.1/.2](083.1)
920 _a83-89144-34-4
942 _cKS
008 s pl f |000 0 pol
999 _c53445
_d53445
856 _uhttp://koha.tu.koszalin.pl/cgi-bin/koha/opac-detail.pl?biblionumber=53445
_yKatalog online BPK